Welcome to CU Library Online Public Access Catalogue (OPAC)

Organisation and management in the public sector / (Record no. 2522)

MARC details
000 -LEADER
fixed length control field 00580nam a2200205 a 4500
001 - CONTROL NUMBER
control field 676354
005 - DATE AND TIME OF LATEST TRANSACTION
control field 20250114154457.0
008 - FIXED-LENGTH DATA ELEMENTS--GENERAL INFORMATION
fixed length control field 950209s1994 enka b 001 0 eng d
020 ## - INTERNATIONAL STANDARD BOOK NUMBER
International Standard Book Number 0273601911
050 00 - LIBRARY OF CONGRESS CALL NUMBER
Classification number JF1351
Item number .L39 1994
082 00 - DEWEY DECIMAL CLASSIFICATION NUMBER
Classification number 350/.000941
Edition information 20
100 1# - MAIN ENTRY--PERSONAL NAME
Personal name Lawton, Alan.
245 10 - TITLE STATEMENT
Title Organisation and management in the public sector /
Statement of responsibility, etc. Alan Lawton, Aidan G. Rose.
250 ## - EDITION STATEMENT
Edition statement 2nd ed.
260 ## - PUBLICATION, DISTRIBUTION, ETC.
Place of publication, distribution, etc. London :
Name of publisher, distributor, etc. Pitman,
Date of publication, distribution, etc. 1994.
300 ## - PHYSICAL DESCRIPTION
Extent xiii, 256 p. :
Other physical details ill. ;
Dimensions 24 cm.
650 #0 - SUBJECT ADDED ENTRY--TOPICAL TERM
Topical term or geographic name entry element Public administration.
700 1# - ADDED ENTRY--PERSONAL NAME
Personal name Rose, Aidan.
942 ## - ADDED ENTRY ELEMENTS (KOHA)
Source of classification or shelving scheme Library of Congress Classification
Koha item type Books
Suppress in OPAC No
999 ## -
-- 2522
-- 2522
Holdings
Withdrawn status Lost status Source of classification or shelving scheme Damaged status Not for loan Collection Home library Current library Shelving location Date acquired Total checkouts Full call number Barcode Date last seen Copy number Price effective from Koha item type
    Library of Congress Classification     Non-fiction Undergraduate Library (Christ Temple) Undergraduate Library (Christ Temple) General stacks 01/14/2025   IF1351 LAW ulct00000795 01/14/2025 1 01/14/2025 Books
© 2023-2024 Copyright: Central University Libraries. All Rights Reserved | Created by: Mahone Tech Office